[Event "ESP-ch 85th"]
[Site "Linares"]
[Date "2020.09.08"]
[Round "9"]
[White "Gines Esteo, Pedro Antonio"]
[Black "Yingrui, Lin"]
[Result "1/2-1/2"]
[WhiteElo "2454"]
[BlackElo "2116"]
[PlyCount "162"]
[EventDate "2020.08.31"]
[EventType "swiss"]
[EventRounds "9"]
[EventCountry "ESP"]
[SourceTitle "EXT 2021"]
[Source "ChessBase"]
[SourceDate "2020.10.23"]
[SourceVersion "1"]
[SourceVersionDate "2020.10.23"]
[SourceQuality "1"]

1. Nf3 Nf6 2. c4 c5 3. g3 b6 4. Bg2 Bb7 5. 0-0 g6 6. b3 Bg7 7. Bb2 0-0 8. Nc3 d6 9. d4 cxd4 10. Qxd4 Na6 11. Nd5 Nc5 12. Rfd1 Rc8 13. Qh4 e5 14. Ne1 Nxd5 15. Qxd8 Rfxd8 16. Bxd5 Bxd5 17. Rxd5 Kf8 18. Rad1 Ke7 19. f4 f6 20. Kg2 a5 21. Ba3 a4 22. Bxc5 bxc5 23. fxe5 fxe5 24. Nc2 e4 25. Na3 axb3 26. axb3 Ra8 27. Nb5 Be5 28. Kf2 Ra2 29. R5d2 Rda8 30. Ke3 Rxd2 31. Rxd2 Ra1 32. Kxe4 Rh1 33. e3 Rb1 34. Ra2 h5 35. Ra7+ Kf6 36. Ra6 Rd1 37. Ra2 Rb1 38. Rd2 Ke7 39. Ra2 Rxb3 40. Ra7+ Kf6 41. Ra6 Ke7 42. Rb6 Kf6 43. Rb7 Rb4 44. Kd5 Rb2 45. Rb6 Rd2+ 46. Ke4 Rb2 47. Ra6 Rd2 48. Kf3 g5 49. h3 Ke7 50. Ra7+ Kf6 51. Ra6 Ke7 52. Ra7+ Kf6 53. Rh7 Kg6 54. Rd7 Kf5 55. g4+ Ke6 56. Rh7 h4 57. Rh6+ Ke7 58. Rg6 Rh2 59. Rxg5 Rxh3+ 60. Ke4 Rg3 61. Nc7 h3 62. Nd5+ Kd7 63. Nf4 h2 64. Rh5 Rxg4 65. Rxh2 Bxf4 66. exf4 Rg1 67. Rh7+ Kc6 68. f5 Re1+ 69. Kf4 Rf1+ 70. Kg5 Rg1+ 71. Kh5 d5 72. Rh6+ Kd7 73. cxd5 Rh1+ 74. Kg5 Rxh6 75. Kxh6 c4 76. f6 c3 77. f7 c2 78. f8Q c1Q+ 79. Kg6 Qg1+ 80. Kh7 Qh1+ 81. Kg8 Qg2+ 1/2-1/2

[Event "ESP-ch 85th"]
[Site "Linares"]
[Date "2020.09.07"]
[Round "8"]
[White "Quispe Arteaga, Gabriel"]
[Black "Yingrui, Lin"]
[Result "0-1"]
[WhiteElo "2400"]
[BlackElo "2116"]
[PlyCount "66"]
[EventDate "2020.08.31"]
[EventType "swiss"]
[EventRounds "9"]
[EventCountry "ESP"]
[SourceTitle "EXT 2021"]
[Source "ChessBase"]
[SourceDate "2020.10.23"]
[SourceVersion "1"]
[SourceVersionDate "2020.10.23"]
[SourceQuality "1"]

1. Nf3 Nf6 2. b3 g6 3. Bb2 Bg7 4. g3 b6 5. e4 d6 6. Bg2 Bb7 7. d3 c5 8. 0-0 0-0 9. Nbd2 Nc6 10. Nc4 b5 11. Ne3 e6 12. Rb1 Qe7 13. Re1 Rfd8 14. Nh4 a5 15. a4 bxa4 16. bxa4 Ne8 17. Qd2 Ba6 18. Bxg7 Nxg7 19. Ng4 h5 20. e5 hxg4 21. Bxc6 Ra7 22. exd6 Rxd6 23. Rb8+ Kh7 24. Re5 Rd8 25. Rxd8 Qxd8 26. Rxc5 Qd6 27. Qc3 Rc7 28. d4 e5 29. d5 Ne6 30. Rxa5 Nd4 31. Kg2 Nxc6 32. Qc5 Qd7 33. Rxa6 Nb8 0-1

[Event "ESP-ch 85th"]
[Site "Linares"]
[Date "2020.09.05"]
[Round "6"]
[White "Silva Lucena, Cristian"]
[Black "Yingrui, Lin"]
[Result "0-1"]
[WhiteElo "2230"]
[BlackElo "2116"]
[PlyCount "55"]
[EventDate "2020.08.31"]
[EventType "swiss"]
[EventRounds "9"]
[EventCountry "ESP"]
[SourceTitle "EXT 2021"]
[Source "ChessBase"]
[SourceDate "2020.10.23"]
[SourceVersion "1"]
[SourceVersionDate "2020.10.23"]
[SourceQuality "1"]

1. e4 c5 2. Nf3 Nc6 3. d4 cxd4 4. Nxd4 g6 5. Nc3 Bg7 6. Nb3 Nf6 7. Be2 0-0 8. 0-0 a6 9. a4 d6 10. Be3 Be6 11. Rb1 Rc8 12. f4 b5 13. axb5 axb5 14. Bf3 Na5 15. Nd4 Bc4 16. Rf2 b4 17. Nd5 Bxd5 18. exd5 Nc4 19. Bc1 Qb6 20. Nc6 Rfe8 21. Qd3 e6 22. Qxc4 exd5 23. Qxb4 Qxc6 24. h3 Rb8 25. Qa5 Ra8 26. Qc3 Qb6 27. Qd2 Ne4 28. Ra1 0-1

[Event "ESP-ch U16"]
[Site "Salobrena"]
[Date "2020.08.14"]
[Round "7"]
[White "Galvan Cipriani, Viviana"]
[Black "Yingrui, Lin"]
[Result "0-1"]
[WhiteElo "2104"]
[BlackElo "2116"]
[PlyCount "98"]
[EventDate "2020.08.10"]
[EventType "swiss"]
[EventRounds "9"]
[EventCountry "ESP"]
[SourceTitle "EXT 2021"]
[Source "ChessBase"]
[SourceDate "2020.10.23"]
[SourceVersion "1"]
[SourceVersionDate "2020.10.23"]
[SourceQuality "1"]

1. c4 e5 2. Nc3 Nc6 3. Nf3 f5 4. d4 e4 5. Nd2 Nf6 6. e3 d6 7. b4 a6 8. a3 g6 9. Rb1 Bg7 10. Be2 0-0 11. 0-0 g5 12. f3 exf3 13. Nxf3 h6 14. b5 axb5 15. Rxb5 Ne7 16. d5 c5 17. Qc2 Ng6 18. Bd3 Ng4 19. Nd1 Qd7 20. Nf2 N4e5 21. Be2 Qc7 22. Qb3 Rb8 23. Bd2 b6 24. Qc2 Nxf3+ 25. gxf3 Bd7 26. Rbb1 Rfe8 27. Bd3 Nh4 28. Be2 Re7 29. Qd3 h5 30. Kh1 f4 31. Ne4 Bf5 32. Be1 Bxe4 33. fxe4 f3 34. Bd1 Ng6 35. Bxf3 Ne5 36. Qb3 Nxf3 37. Rxf3 Rxe4 38. Ba5 Qe7 39. Bd2 g4 40. Rg3 h4 41. Rg2 Rf8 42. Rbg1 h3 43. Rg3 Rd4 44. Qb1 Rxd2 45. Rxg4 Rff2 46. Rxg7+ Qxg7 47. Rxg7+ Kxg7 48. Qa1+ Kg8 49. Qg1+ Rg2 0-1

[Event "Madrid-chT 1718"]
[Site "Madrid"]
[Date "2018.02.25"]
[Round "11.46"]
[White "Nieto Perez, Juan V"]
[Black "Yingrui, Lin"]
[Result "0-1"]
[WhiteElo "1922"]
[BlackElo "2142"]
[PlyCount "52"]
[EventDate "2017.11.19"]
[EventType "team-tourn"]
[EventRounds "14"]
[EventCountry "ESP"]
[SourceTitle "EXT 2019"]
[Source "ChessBase"]
[SourceDate "2018.10.10"]
[SourceVersion "1"]
[SourceVersionDate "2018.10.10"]
[SourceQuality "1"]
[WhiteTeam "Alcorcon"]
[BlackTeam "La Casa del Ajedrez"]
[WhiteTeamCountry "ESP"]
[BlackTeamCountry "ESP"]

1. Nf3 Nf6 2. d4 e6 3. e3 b6 4. Bd3 Bb7 5. Nbd2 c5 6. b3 Nc6 7. Bb2 cxd4 8. exd4 Be7 9. 0-0 0-0 10. a3 Rc8 11. Re1 d6 12. c4 Re8 13. Rc1 Nb8 14. Qe2 Nbd7 15. Ne4 Nf8 16. Nxf6+ Bxf6 17. Be4 d5 18. Bb1 dxc4 19. bxc4 Bxf3 20. Qxf3 Bxd4 21. Red1 e5 22. Qe4 Qf6 23. Bxd4 exd4 24. Qxd4 Re1+ 25. Rxe1 Qxd4 26. Red1 Rxc4 0-1

[Event "Madrid-chT 1718"]
[Site "Madrid"]
[Date "2017.11.19"]
[Round "1.35"]
[White "Ortega Ruiz, Jose Miguel"]
[Black "Yingrui, Lin"]
[Result "0-1"]
[WhiteElo "2285"]
[BlackElo "2142"]
[PlyCount "76"]
[EventDate "2017.11.19"]
[EventType "team-tourn"]
[EventRounds "14"]
[EventCountry "ESP"]
[SourceTitle "EXT 2019"]
[Source "ChessBase"]
[SourceDate "2018.10.10"]
[SourceVersion "1"]
[SourceVersionDate "2018.10.10"]
[SourceQuality "1"]
[WhiteTeam "Collado Villalba"]
[BlackTeam "La Casa del Ajedrez"]
[WhiteTeamCountry "ESP"]
[BlackTeamCountry "ESP"]

1. d4 Nf6 2. c4 e6 3. Nf3 b6 4. g3 Bb7 5. Bg2 Be7 6. Nc3 Ne4 7. Nxe4 Bxe4 8. 0-0 0-0 9. Bf4 d6 10. b4 Nd7 11. b5 f5 12. a4 Bf6 13. a5 Qe7 14. Ra2 e5 15. dxe5 dxe5 16. Bd2 Rfd8 17. Qb3 Nc5 18. Qa3 Qf7 19. Rc1 Ne6 20. Bb4 h5 21. Rd2 Rxd2 22. Nxd2 Bxg2 23. Kxg2 Rd8 24. Qf3 Nd4 25. Qb7 Nxe2 26. Rd1 Nd4 27. Qxa7 Nc2 28. Rb1 Nxb4 29. axb6 cxb6 30. Qxb6 Rxd2 31. Rxb4 Be7 32. Ra4 f4 33. Qb8+ Kh7 34. Qxe5 fxg3 35. Qxg3 Bc5 36. Kh1 Qb7+ 37. f3 Rd1+ 38. Kg2 Rg1+ 0-1

[Event "Madrid Chamartin op 6th"]
[Site "Madrid"]
[Date "2017.09.07"]
[Round "5"]
[White "Camarero Izquierdo, Juan Carlos"]
[Black "Yingrui, Lin"]
[Result "0-1"]
[WhiteElo "1844"]
[BlackElo "2031"]
[PlyCount "68"]
[EventDate "2017.09.04"]
[EventType "swiss"]
[EventRounds "9"]
[EventCountry "ESP"]
[SourceTitle "CBM 180 Extra"]
[Source "ChessBase"]
[SourceDate "2017.10.06"]
[SourceVersion "1"]
[SourceVersionDate "2017.10.06"]
[SourceQuality "1"]

1. d4 d6 2. Nc3 g6 3. e4 Bg7 4. Be3 Nf6 5. Qd2 Ng4 6. 0-0-0 Nxe3 7. Qxe3 e6 8. f4 Nd7 9. h4 h5 10. Nf3 Nf6 11. Nh2 Qe7 12. e5 Nd5 13. Nxd5 exd5 14. Nf3 Bg4 15. Be2 0-0-0 16. Qb3 c6 17. Rd3 dxe5 18. fxe5 Kb8 19. Qa4 Rc8 20. Ra3 b6 21. Ba6 Rc7 22. Ne1 f6 23. Nd3 fxe5 24. Nb4 Bd7 25. Bd3 Ka8 26. Na6 Rb7 27. Bxg6 exd4 28. Rf1 Rf8 29. Rxf8+ Bxf8 30. b4 Qe1+ 31. Kb2 Bh6 32. Rf3 Qc1+ 33. Kb3 Qb1+ 34. Ka3 Bc1# 0-1

[Event "Madrid Chamartin op 6th"]
[Site "Madrid"]
[Date "2017.09.04"]
[Round "1"]
[White "Algaba Traspuesto, Jose Antonio"]
[Black "Yingrui, Lin"]
[Result "0-1"]
[WhiteElo "1566"]
[BlackElo "2031"]
[PlyCount "80"]
[EventDate "2017.09.04"]
[EventType "swiss"]
[EventRounds "9"]
[EventCountry "ESP"]
[SourceTitle "CBM 180 Extra"]
[Source "ChessBase"]
[SourceDate "2017.10.06"]
[SourceVersion "1"]
[SourceVersionDate "2017.10.06"]
[SourceQuality "1"]

1. d4 d5 2. Bf4 Nf6 3. e3 Bf5 4. Nf3 e6 5. c4 Bb4+ 6. Nc3 0-0 7. a3 Bxc3+ 8. bxc3 Ne4 9. Qc1 c5 10. Be2 dxc4 11. Bxc4 Nc6 12. 0-0 Rc8 13. Nd2 Na5 14. Ba2 cxd4 15. Nxe4 Bxe4 16. exd4 Bd5 17. Qe3 Bxa2 18. Rxa2 Qd5 19. Raa1 Rc6 20. Qg3 f6 21. Bh6 Rf7 22. Qb8+ Rf8 23. Qg3 Qd7 24. Rfd1 Rfc8 25. d5 Rxc3 26. dxe6 Qxd1+ 27. Rxd1 Rxg3 28. e7 Kf7 29. hxg3 gxh6 30. Rd8 Rc1+ 31. Kh2 Kxe7 32. Rh8 Kf7 33. Rxh7+ Kg6 34. Rd7 Rc3 35. a4 Rc4 36. Rd5 Rxa4 37. f4 a6 38. f5+ Kg5 39. Kh3 Ra3 40. Rc5 Nc6 0-1

[Event "Las Palmas Montalvo Memorial 09th"]
[Site "Las Palmas"]
[Date "2016.03.22"]
[Round "2"]
[White "Yingrui, Lin"]
[Black "Gutierrez Olivares, Daniel"]
[Result "0-1"]
[WhiteElo "1781"]
[BlackElo "2294"]
[PlyCount "78"]
[EventDate "2016.03.21"]
[EventType "swiss"]
[EventRounds "9"]
[EventCountry "ESP"]
[SourceTitle "EXT 2018"]
[Source "ChessBase"]
[SourceDate "2017.10.13"]
[SourceVersion "1"]
[SourceVersionDate "2017.10.13"]
[SourceQuality "1"]

1. d4 Nf6 2. Nf3 e6 3. c4 b6 4. Nc3 Bb4 5. Qc2 Bb7 6. Bg5 h6 7. Bh4 g5 8. Bg3 Ne4 9. e3 Bxc3+ 10. bxc3 d6 11. Be2 h5 12. h3 Nd7 13. 0-0 f5 14. Nd2 Ndf6 15. Nxe4 Nxe4 16. Bf3 g4 17. Bxe4 Bxe4 18. Qa4+ Qd7 19. Qxd7+ Kxd7 20. h4 Bd3 21. Rfe1 Bxc4 22. e4 Rhf8 23. exf5 Rxf5 24. a3 Raf8 25. Rab1 a5 26. Rb2 Kc6 27. Re3 Rb5 28. Rd2 Rb1+ 29. Kh2 Ra1 30. f4 Rxa3 31. Rc2 Ra1 32. Rb2 Rf5 33. Rc2 a4 34. Rb2 a3 35. Rb4 b5 36. d5+ Rxd5 37. Rxe6 Rdd1 38. Re1 Rxe1 39. Bxe1 Rxe1 0-1

[Event "Las Palmas Insular-chT Pref-B"]
[Site "Las Palmas"]
[Date "2016.01.16"]
[Round "9.3"]
[White "Yingrui, Lin"]
[Black "Perez Guerra, Raul"]
[Result "1/2-1/2"]
[WhiteElo "1811"]
[BlackElo "1632"]
[PlyCount "42"]
[EventDate "2015.10.17"]
[EventType "team-tourn"]
[EventRounds "14"]
[EventCountry "ESP"]
[SourceTitle "CBM 170 Extra"]
[Source "ChessBase"]
[SourceDate "2016.02.25"]
[SourceVersion "1"]
[SourceVersionDate "2016.02.25"]
[SourceQuality "1"]
[WhiteTeam "Hotel Avda de Canarias II"]
[BlackTeam "La Caja de Canarias II"]
[WhiteTeamCountry "ESP"]
[BlackTeamCountry "ESP"]

1. Nf3 d5 2. d4 Nc6 3. e3 Bg4 4. Bb5 Nf6 5. h3 Bxf3 6. Qxf3 e6 7. 0-0 a6 8. Bxc6+ bxc6 9. b3 Ne4 10. Rd1 Bd6 11. Nd2 Nxd2 12. Bxd2 0-0 13. e4 Qe7 14. e5 Ba3 15. c4 Bb2 16. Rab1 Bxd4 17. Qg3 f6 18. Bf4 fxe5 19. Be3 Bxe3 20. fxe3 Rac8 21. cxd5 cxd5 1/2-1/2

[Event "Las Palmas Insular-chT Pref-B"]
[Site "Las Palmas"]
[Date "2015.10.17"]
[Round "1.3"]
[White "Yingrui, Lin"]
[Black "Ramirez Hernandez, Jose Isidro"]
[Result "1-0"]
[WhiteElo "1811"]
[BlackElo "1377"]
[PlyCount "67"]
[EventDate "2015.10.17"]
[EventType "team-tourn"]
[EventRounds "14"]
[EventCountry "ESP"]
[SourceTitle "CBM 170 Extra"]
[Source "ChessBase"]
[SourceDate "2016.02.25"]
[SourceVersion "1"]
[SourceVersionDate "2016.02.25"]
[SourceQuality "1"]
[WhiteTeam "Hotel Avda de Canarias II"]
[BlackTeam "Video Vigilancias Canarias"]
[WhiteTeamCountry "ESP"]
[BlackTeamCountry "ESP"]

1. e4 e5 2. Nf3 Nc6 3. Bc4 Nd4 4. Nxd4 exd4 5. 0-0 d6 6. d3 Be6 7. Bxe6 fxe6 8. Qh5+ Ke7 9. Bg5+ Nf6 10. f4 Kd7 11. Qf3 e5 12. Na3 c6 13. fxe5 dxe5 14. Qf5+ Kc7 15. Qxe5+ Bd6 16. Bxf6 gxf6 17. Qh5 b5 18. Qf7+ Qe7 19. Rxf6 Raf8 20. Qxe7+ Bxe7 21. Rxf8 Rxf8 22. Rf1 Kd6 23. Rxf8 Bxf8 24. Kf2 Ke5 25. Nb1 Bh6 26. Ke2 c5 27. Nd2 Bxd2 28. Kxd2 c4 29. b3 a5 30. Ke2 Kf4 31. Kf2 h5 32. g3+ Ke5 33. Kf3 c3 34. a3 1-0